| 000 | 00860nam a2200193Ia 4500 | ||
|---|---|---|---|
| 008 | 0000002002 sp a 0000000000spa00 | ||
| 090 | _aPSP00 D87j | ||
| 100 | 1 |
_aDuran, Joan _d1947 |
|
| 245 | 1 | 0 |
_aJoan Duran _b: la pintura en erupción _c/ fotografía Martí Gasull ; traducciones Montse Holgado, Josephine Watson |
| 300 |
_a19 p. _c/ 27 cm. |
||
| 500 | _aExposición realizada en la Galería Joan PratsArtgrafic, Barcelona, Septiembre Octubre 2002 \ Con el patronazgo del maestro venezolano Jesús Rafael Soto (q.e.p.d.) | ||
| 600 | 0 | 0 |
_a DURAN, JOAN, 1947 / _xTRABAJOS PICTORICOS |
| 650 | 1 | 4 | _a PINTURA ESPAÑOLA |
| 650 | 1 | 4 | _xCATALOGOS |
| 650 | 1 | 4 | _aPINTORES ESPAÑOLES |
| 650 | 1 | 4 | _aPINTURA MODERNA ESPAÑOLA |
| 700 | 1 | _aGasull, Martí \ Holgado, Montse \ Watson, Josephine | |
| 999 |
_c125 _d125 |
||
| 260 |
_aBarcelona : Fundació Caixa Catalunya _c2002 |
||